<?xml version="1.0" encoding="UTF-8"?>
<record
    xmlns:xsi="http://www.w3.org/2001/XMLSchema-instance"
    xsi:schemaLocation="http://www.loc.gov/MARC21/slim http://www.loc.gov/standards/marcxml/schema/MARC21slim.xsd"
    xmlns="http://www.loc.gov/MARC21/slim">

  <leader>01186nam a2200193 i 4500</leader>
  <controlfield tag="001">44826</controlfield>
  <controlfield tag="003">ES-MaACL</controlfield>
  <controlfield tag="005">20240229183435.0</controlfield>
  <controlfield tag="007">t|</controlfield>
  <controlfield tag="008">030324s1911    fr           ||||1| fre d</controlfield>
  <datafield tag="100" ind1="1" ind2=" ">
    <subfield code="a">Cloquet, Louis.</subfield>
    <subfield code="9">39282</subfield>
  </datafield>
  <datafield tag="245" ind1="1" ind2="0">
    <subfield code="a">Trait&#xE9; de architecture </subfield>
    <subfield code="b">: ; Elements de l'architecture ; Types d'edifices ; Esthetique, composition et practique de l'architecture / </subfield>
    <subfield code="c">Louis Cloquet.</subfield>
  </datafield>
  <datafield tag="260" ind1=" " ind2=" ">
    <subfield code="a">[Lille : </subfield>
    <subfield code="b">Descl&#xE9;e de Brouwer, </subfield>
    <subfield code="c">1911]</subfield>
  </datafield>
  <datafield tag="300" ind1=" " ind2=" ">
    <subfield code="a">5 v. ; </subfield>
    <subfield code="c">25 cm.</subfield>
  </datafield>
  <datafield tag="505" ind1="8" ind2=" ">
    <subfield code="a">Contiene: V. I: Murs, voutes, arcades. -- V. II: Portes, fen&#xE8;tres, cheminees, charpente, menuioerie, planchers, escaliers, coiulles, couvertures. -- V. III: Hygien&#xE9; de l'habitation. -- V. IV: Habitations priv&#xE9;es et collections. Entrepots march&#xE9;s et abatoirs. Bourses et banques. Escolas, bibliotheques et musees. Hotels de mille et maires. Parlaments et prefectures. Tribunause et prisous hispitause et hospices. Gares hotels du postes. Theatres panoramas, casinos, ciruqes, maneges, tirus, bains et Lavoirs. Tombeaux et cimetries. -- V. V: Esthetique composition et decoration</subfield>
  </datafield>
  <datafield tag="650" ind1="0" ind2="4">
    <subfield code="a">Arquitectura</subfield>
    <subfield code="9">9986</subfield>
  </datafield>
  <datafield tag="852" ind1=" " ind2=" ">
    <subfield code="a">ES-MaACL</subfield>
    <subfield code="j">C-1940-44</subfield>
  </datafield>
  <datafield tag="999" ind1=" " ind2=" ">
    <subfield code="c">44826</subfield>
    <subfield code="d">44826</subfield>
  </datafield>
  <datafield tag="952" ind1=" " ind2=" ">
    <subfield code="0">0</subfield>
    <subfield code="1">0</subfield>
    <subfield code="4">0</subfield>
    <subfield code="7">0</subfield>
    <subfield code="a">ATENEOM</subfield>
    <subfield code="b">ATENEOM</subfield>
    <subfield code="c">MES</subfield>
    <subfield code="d">2008-01-17</subfield>
    <subfield code="e">SC</subfield>
    <subfield code="l">0</subfield>
    <subfield code="o">C-1940-44</subfield>
    <subfield code="p">1047176</subfield>
    <subfield code="r">2023-02-23 00:00:00</subfield>
    <subfield code="w">2023-02-23</subfield>
    <subfield code="y">MONOGRAFIA</subfield>
  </datafield>
</record>
